| 000 | 00469nam a2200145Ia 4500 | ||
|---|---|---|---|
| 008 | 210430s9999 xx 000 0 und d | ||
| 020 | _a8123909233 (paperback) | 97881 | ||
| 082 | _a579 A7691 T | ||
| 100 | _aArora, D.R. | ||
| 245 |
_aTextbook of microbiology / _cArora, D.R. |
||
| 260 |
_a[S.l.] : _bCBS Publishers & Distributors, _c2006 |
||
| 300 | _a1 v. (unpaged) | ||
| 856 | _uhttp://www.amazon.com/exec/obidos/ASIN/8123909233/chopaconline-20 | ||
| 942 |
_cBK _2ddc |
||
| 999 |
_c562598 _d562598 |
||